00316nam a22001457a 450000500170000000800410001701000100005801100100006803500100007824500090008826000070009759000420010490100070014699900170015320220127140424.0020426d1999 us a r 00110 spa d a85660 a86632 a971710 c/por c19 aCONVERSIONb10c20130109lUCH01h1348 aBK c85660d85660